000 01009nam a22003017a 4500
003 CHAP
005 20220329140833.0
008 971013c19721959 r 00010 d
010 _a58390
011 _a59362
035 _a63520
040 _cCHAP
082 _a634.0913
_bS8
100 0 0 _aSturrock, David.
_9110104
245 _aFruits for southern Florida
260 _aFlorida :
_bSoutheastern Printing,
_c1972 (c.1959)
300 _a186 p.
_b: ilus. ; mapas
590 _aBATCH-UPD
_b10
_c20130110
_lUCH01
_h0823
590 _aBATCH-UPD
_b10
_c20130410
_lUCH01
_h0500
590 _aBATCH-UPD
_b10
_c20130914
_lUCH01
_h1448
590 _aCONVERSION
_b10
_c20130109
_lUCH01
_h1331
650 1 4 _aFruticultura
_xTrĂ³picos.
_943755
901 _aBK
942 _cLIBRO
949 _a634.0913 S8
_bBC
_cLIBRO
_d33724000203063
_eLIBRO
_h34457
_i63520
_si
949 _a634.0913 S8
_bBC
_cLIBRO
_d33724000203071
_eLIBRO
_fc.3
_h55578
_i63520
_si
949 _a634.0913 S8
_bBC
_cLIBRO
_d33724000655403
_eLIBRO
_fc.2
_h55577
_i63520
_si
999 _c58390
_d58390